| 000 | 00887na a2200301 4500 | ||
|---|---|---|---|
| 001 | 22343 | ||
| 003 | MIRAKIL | ||
| 005 | 20181213155252.0 | ||
| 008 | 170213b tu 000 0 | ||
| 035 | _a22343 | ||
| 040 |
_aMilas _btur _cTR-AnCHP |
||
| 041 | _atur | ||
| 090 | _aSHP 20 | ||
| 110 | _aSosyaldemokrat Halkçı Parti (SHP) | ||
| 222 | _aSeçim propogandaları | ||
| 245 |
_aDemokrasi huzur güven _cSHP |
||
| 246 | _a1992 yerel seçimleri | ||
| 260 |
_a[Ankara] _b[SHP] _c1992 |
||
| 300 |
_a1 s. _c20 sm. |
||
| 610 |
_aSosyaldemokrat Halkçı Parti (SHP) _xSeçim bildirgesi, 1992 |
||
| 610 |
_aSosyaldemokrat Halkçı Parti (SHP) _xPropaganda ve ideolojiler _yBildirgeler, 1992 |
||
| 651 |
_aTürkiye _xSiyaset ve yönetim |
||
| 657 | _aSHP bildirgeler | ||
| 740 | _a1992 yerel seçimleri | ||
| 830 | _aSHP bildirgeleri | ||
| 942 |
_2ddc _cBKS |
||
| 999 |
_c9597 _d9597 |
||